000 00682nam a2200205 a 4500
001 000047581
005 20210609200712.0
008 180703s2017 dr 000 0 spa d
020 _a9789945903379
040 _aDO-SdBNP
_bspa
_cBNPHU
082 _a926.10
_bC794m
100 1 _aCordero, Eduardo
_d1956-
_975223
245 1 0 _aMemorias de un médico del interior.
260 _aSan José de las Matas, República Dominicana :
_bOPUS,
_c2017.
300 _a155 p. ;
_c22 cm.
590 _aInventariado, 2018/VM
600 1 4 _aCORDERO, EDUARDO
_d1956-
_vBIOGRAFÍAS
_975224
650 4 _aMédicos
_xBiografías
_91119
651 0 _aSantiago de los Caballeros (Republica Dominicana)
_98269
999 _c47069
_d47069